Little Tommy Tucher and other nursery rhymes illustrted by Carolyn Bracken

Bibliographic Details
Format: Book
Published: U.K : Ladybird Books , 19-
Subjects:

MARC

LEADER 00000cam a2200000 7i4500
001 0000003259
002 000003516
005 20000330.0
020 |a 0721495907 
090 0 0 |a JF   |b LIT 
245 0 0 |a Little Tommy Tucher and other nursery rhymes illustrted by Carolyn Bracken 
260 |a U.K :   |b Ladybird Books ,   |c 19- 
300 |a 26p. :   |b ill ;   |c 18cm. 
650 0 0 |a Children's stories 
999 |a 035691   |b BUKU   |c PINJAMAN   |e PERPUSTAKAAN KOMUNITI PETALING JAYA